00975cam a22002171 4500999001500000005001700015008004100032020001800073041001100091082001800102100002100120245013600141260005500277300001800332440001400350490004500364650003300409942000700442952015200449952015600601 c4031d403120211013152144.0840918s1964 riua b 000 0 eng  a97808218156181 aengrus00a512.81bKUB/P1 aKubilius, Jonas.10aProbabilistic methods in the theory of numbers,cby J. Kubilius. [Translated from the Russian by Gretchen Burgie and Susan Schuur]. aProvidence,bAmerican Mathematical Society,c1964. axviii, 182 p. vVolume 111 aTranslations of mathematical monographs, 0aProbabilistic number theory. cBK 001040708MATaIITTPbIITTPcREFd2021-10-13g4881.67i342/21-22l0oREF 512.81 KubP Vol.11p07998r2021-10-13 00:00:00v6258.55w2021-09-13yREF 001040708MATaIITTPbIITTPcGENd2021-10-13eCapital Booksg4881.67i342/21-22l0o512.81 KUB/Pp07999r2021-12-08 00:00:00v6258.55w2021-09-13yBK